000 01135nam a2200313 a 4500
001 69359
003 BD-RjUL
005 20211209081857.0
008 170411s2000 enka b 001 0 eng d
020 _a0199638039 (hbk. : alk. paper)
020 _a0199638020 (pbk. : alk. paper)
035 _a(BD-RjUL)69570
040 _aUKM
_cUKM
_dBD-RjUL
_beng
041 _aeng
082 0 0 _a571.835
_223
_bCEL 2000
245 0 0 _aCell polarity /
_cedited by David G. Drubin.
260 _aOxford ;
_aNew York :
_bOxford University Press,
_c2000.
300 _axxi, 320 p. :
_bill. ;
_c26 cm.
490 _aFrontiers in molecular biology ;
_v28
504 _aIncludes bibliographical references and index.
650 0 _aCell differentiation.
_9205485
650 0 _aPolarity (Biology)
_9205484
650 0 _aCell differentiation.
_9205485
650 4 _aPolarity (Biology)
_9205484
700 1 _aDrubin, David G.
_9205486
856 4 2 _3Publisher description
_uhttp://www.loc.gov/catdir/enhancements/fy0611/00703242-d.html
856 4 1 _3Table of contents only
_uhttp://www.loc.gov/catdir/enhancements/fy0611/00703242-t.html
942 _2ddc
_cBK
999 _c69359
_d69359